<?xml version="1.0" encoding="UTF-8"?><?xml-stylesheet type="text/xsl" href="static/style.xsl"?><OAI-PMH xmlns="http://www.openarchives.org/OAI/2.0/" xmlns:xsi="http://www.w3.org/2001/XMLSchema-instance" xsi:schemaLocation="http://www.openarchives.org/OAI/2.0/ http://www.openarchives.org/OAI/2.0/OAI-PMH.xsd"><responseDate>2026-06-02T17:23:00Z</responseDate><request verb="GetRecord" identifier="oai:riuma.uma.es:10630/29840" metadataPrefix="marc">https://riuma.uma.es/rest/oai/request</request><GetRecord><record><header><identifier>oai:riuma.uma.es:10630/29840</identifier><datestamp>2026-02-03T11:28:29Z</datestamp><setSpec>com_10630_2254</setSpec><setSpec>col_10630_37953</setSpec></header><metadata><record xmlns="http://www.loc.gov/MARC21/slim" xmlns:dcterms="http://purl.org/dc/terms/" xmlns:doc="http://www.lyncode.com/xoai" xmlns:xsi="http://www.w3.org/2001/XMLSchema-instance" xsi:schemaLocation="http://www.loc.gov/MARC21/slim http://www.loc.gov/standards/marcxml/schema/MARC21slim.xsd">
   <leader>00925njm 22002777a 4500</leader>
   <datafield ind2=" " ind1=" " tag="042">
      <subfield code="a">dc</subfield>
   </datafield>
   <datafield ind2=" " ind1=" " tag="720">
      <subfield code="a">Alonso, Luis</subfield>
      <subfield code="e">author</subfield>
   </datafield>
   <datafield ind2=" " ind1=" " tag="720">
      <subfield code="a">Barbarán, Javier</subfield>
      <subfield code="e">author</subfield>
   </datafield>
   <datafield ind2=" " ind1=" " tag="720">
      <subfield code="a">Chen, Jaime</subfield>
      <subfield code="e">author</subfield>
   </datafield>
   <datafield ind2=" " ind1=" " tag="720">
      <subfield code="a">Diaz, Manuel</subfield>
      <subfield code="e">author</subfield>
   </datafield>
   <datafield ind2=" " ind1=" " tag="720">
      <subfield code="a">Llopis-Torres, Luis Manuel</subfield>
      <subfield code="e">author</subfield>
   </datafield>
   <datafield ind2=" " ind1=" " tag="720">
      <subfield code="a">Rubio-Muñoz, Bartolomé</subfield>
      <subfield code="e">author</subfield>
   </datafield>
   <datafield ind2=" " ind1=" " tag="260">
      <subfield code="c">2018-02</subfield>
   </datafield>
   <datafield ind2=" " ind1=" " tag="520">
      <subfield code="a">Critical Infrastructure Protection (CIP) has become a priority for every country around the world with the aim of reducing vulnerabilities and improving protection of Critical Infrastructures (CI) against terrorist attacks or natural disasters, among other threats. As part of CIP, Structural Health Monitoring (SHM) is defined as the process of gathering basic information that allows detecting, locating and quantifying vulnerabilities early on (fatigue cracking, degradation of boundary conditions, etc.) thereby improving, the resilience of the CI. Recent advances in electronics, wireless communication and software are expected to open the door to a new era of densely connected devices sharing information worldwide, known as the Internet of Things (IoT), in which Wireless Sensor Networks (WSNs) play an important role. The combined use of IoT/WSNs together with industrial sensors in SHM provide an ad-hoc, inexpensive and easy way of deploying a monitoring system, where data can be shared among different entities. SHM requirements are challenging and diverse and therefore several different technologies may be used in the same deployment. At the same time the use of a middleware can substantially simplify and speed up the development of applications for SHM. Taking into account the challenges of SHM systems, this paper provides a review of the most novel and relevant wireless technologies and a state-of-the-art middleware for WSNs focusing on SHM specific requirements.</subfield>
   </datafield>
   <datafield ind1="8" ind2=" " tag="024">
      <subfield code="a">Luis Alonso, Javier Barbarán, Jaime Chen, Manuel Díaz, Luis Llopis, Bartolomé Rubio, Middleware and communication technologies for structural health monitoring of critical infrastructures: A survey, Computer Standards &amp; Interfaces, Volume 56, 2018, Pages 83-100, ISSN 0920-5489, https://doi.org/10.1016/j.csi.2017.09.007.</subfield>
   </datafield>
   <datafield ind1="8" ind2=" " tag="024">
      <subfield code="a">https://hdl.handle.net/10630/29840</subfield>
   </datafield>
   <datafield ind1="8" ind2=" " tag="024">
      <subfield code="a">https://doi.org/10.1016/j.csi.2017.09.007</subfield>
   </datafield>
   <datafield tag="653" ind2=" " ind1=" ">
      <subfield code="a">Materiales - Deterioro - Protección</subfield>
   </datafield>
   <datafield tag="653" ind2=" " ind1=" ">
      <subfield code="a">Infraestructuras críticas</subfield>
   </datafield>
   <datafield ind2="0" ind1="0" tag="245">
      <subfield code="a">Middleware and communication technologies for structural health monitoring of critical infrastructures: a survey</subfield>
   </datafield>
</record>
</metadata></record></GetRecord></OAI-PMH>